000 00672nam a2200193Ii 4500
003 JO-AjNU
008 230605s9999||||xx |||||||||||||| ||und||
040 _aJO-AjNU
_bara
_erda
_cJO-AjNU
041 _aara
050 1 4 _aHV 6018.A27 1988
100 3 _aابو عامر، محمد زكي,
_eauthor
_946644
245 0 0 _aدراسة في علم الاجرام والعقاب
264 3 1 _aالقاهرة: الدار الجامعية، 1988
300 _a306ص
_bيحتوي على ببلوغرافية من 297-306ص
336 _atext
_btxt
_2rdacontent
337 _aunmediated
_bn
_2rdamedia
338 _avolume
_bnc
_2rdacarrier
650 4 _aاجرام - علم
_946645
999 _aA20308
_c23876
_d23876